[Event "ARG-ch (Women) 74th"]
[Site "Buenos Aires"]
[Date "2023.11.25"]
[Round "6"]
[White "Gaite, Karen Nerina"]
[Black "Flores Mirabal, Nancy"]
[Result "1-0"]
[WhiteElo "1871"]
[BlackElo "1937"]
[PlyCount "113"]
[EventDate "2023.11.20"]
[EventType "swiss"]
[EventRounds "9"]
[EventCountry "ARG"]
[SourceTitle "CB49_2023"]
[SourceDate "2023.12.06"]
[SourceVersion "1"]
[SourceVersionDate "2023.12.06"]
[SourceQuality "1"]

1. c4 e5 2. Nc3 Nf6 3. g3 Bb4 4. Nd5 Nxd5 5. cxd5 d6 6. Qa4+ c6 7. Qxb4 cxd5 8. Bg2 Nc6 9. Qa4 Bd7 10. Qd1 Nb4 11. Nf3 Rc8 12. 0-0 Nc2 13. Rb1 Qa5 14. a3 e4 15. Ne1 Nd4 16. d3 Ba4 17. Qd2 Qc5 18. Qe3 Bd1 19. Bd2 Nxe2+ 20. Kh1 Qxe3 21. Bxe3 Bb3 22. dxe4 d4 23. Bd2 0-0 24. Bh3 Rce8 25. f3 g6 26. Rf2 d3 27. Bh6 f5 28. Rxe2 dxe2 29. Bxf8 Kxf8 30. exf5 a6 31. Rc1 d5 32. Rc3 Ba4 33. Rd3 Bc6 34. Kg1 g5 35. Kf2 Rd8 36. Rd4 Bb5 37. b3 Kf7 38. a4 Bc6 39. Kxe2 Re8+ 40. Kd2 Kf6 41. Nd3 a5 42. f4 h6 43. fxg5+ hxg5 44. Bg4 Rh8 45. h3 Rh7 46. Nc5 Re7 47. Ne6 Ke5 48. Rd3 d4 49. Nxd4 Be4 50. Nf3+ Bxf3 51. Rxf3 Rd7+ 52. Rd3 Rc7 53. Re3+ Kd4 54. f6 Rf7 55. Re6 Kc5 56. Bh5 Rf8 57. f7 1-0

[Event "ARG-ch (Women) 74th"]
[Site "Buenos Aires"]
[Date "2023.11.24"]
[Round "5"]
[White "Zuriel, Marisa"]
[Black "Flores Mirabal, Nancy"]
[Result "1-0"]
[WhiteElo "2165"]
[BlackElo "1937"]
[PlyCount "78"]
[EventDate "2023.11.20"]
[EventType "swiss"]
[EventRounds "9"]
[EventCountry "ARG"]
[SourceTitle "CB49_2023"]
[SourceDate "2023.12.06"]
[SourceVersion "1"]
[SourceVersionDate "2023.12.06"]
[SourceQuality "1"]

1. e4 c5 2. Nf3 d6 3. Bb5+ Bd7 4. Bxd7+ Qxd7 5. c4 Nf6 6. Nc3 g6 7. d4 cxd4 8. Nxd4 Bg7 9. f3 Nc6 10. Be3 Rc8 11. Nde2 b6 12. 0-0 0-0 13. Qd2 Rfd8 14. Rfd1 e6 15. Bg5 a6 16. Rac1 Ne5 17. b3 b5 18. cxb5 axb5 19. h3 Qb7 20. Qe1 b4 21. Na4 Rxc1 22. Nxc1 h6 23. Bd2 Nc6 24. Nd3 Rb8 25. Rc1 d5 26. e5 Nd7 27. f4 Bf8 28. Kh2 Qb5 29. Nf2 Nc5 30. Nxc5 Bxc5 31. Ng4 Bf8 32. f5 Nd4 33. fxg6 fxg6 34. Bxh6 Be7 35. Qd2 Nf5 36. Bg5 Qb7 37. Bf6 Bxf6 38. Nxf6+ Kf7 39. g4 Ng7 1-0